[Event "Rijeka Liburnija op"]
[Site "Rijeka"]
[Date "2012.12.03"]
[Round "5"]
[White "Jokic, Miljenko"]
[Black "Pejic, Igor"]
[Result "0-1"]
[WhiteElo "1839"]
[BlackElo "2008"]
[PlyCount "145"]
[EventDate "2012.11.30"]
[EventType "swiss"]
[EventRounds "9"]
[EventCountry "CRO"]
[SourceTitle "CBM 151 Extra"]
[Source "ChessBase"]
[SourceDate "2012.12.18"]
[SourceVersion "1"]
[SourceVersionDate "2012.12.18"]
[SourceQuality "1"]

1. e4 d5 2. exd5 Qxd5 3. Nc3 Qa5 4. d4 Nf6 5. Bd2 Nc6 6. Nb5 Qb6 7. a4 Nxd4 8. Be3 c5 9. a5 Qd8 10. c3 Nxb5 11. Qxd8+ Kxd8 12. Bxb5 e5 13. Nf3 Bd6 14. 0-0 Ke7 15. Rfe1 Bd7 16. Bxd7 Nxd7 17. Rad1 Rhd8 18. Nd2 b6 19. Nc4 Bc7 20. f4 f6 21. b4 b5 22. Na3 a6 23. fxe5 fxe5 24. bxc5 Bxa5 25. Bg5+ Nf6 26. Rxe5+ Kf7 27. Rc1 Rd3 28. Nb1 Rad8 29. Rf1 R8d5 30. Rxd5 Rxd5 31. Be3 Kg6 32. Bd4 Nd7 33. c6 Ne5 34. Re1 Kf5 35. Rf1+ Ke6 36. Rf8 Nxc6 37. Ra8 Nxd4 38. Rxa6+ Rd6 39. Rxa5 Nb3 40. Rxb5 Rd1+ 41. Kf2 Rxb1 42. Rb7 Kf6 43. g4 Nd2 44. g5+ Kg6 45. Re7 Rc1 46. Ke2 Nc4 47. Kd3 Nb2+ 48. Kd4 Rd1+ 49. Kc5 Rd3 50. h4 Rxc3+ 51. Kb4 Rh3 52. Re4 Kh5 53. Re7 Rxh4+ 54. Kc3 Na4+ 55. Kb3 Nc5+ 56. Kc3 Kg6 57. Re5 Ne4+ 58. Kd3 Nxg5 59. Ke3 Rh3+ 60. Kf2 Rf3+ 61. Kg2 Rf5 62. Re3 h5 63. Ra3 h4 64. Ra4 Kh5 65. Ra8 h3+ 66. Kg3 Rf3+ 67. Kh2 Kg4 68. Ra4+ Rf4 69. Ra1 Nf3+ 70. Kh1 Re4 71. Rf1 Re1 72. Rxe1 Nxe1 73. Kh2 0-1

[Event "Rijeka Liburnija op"]
[Site "Rijeka"]
[Date "2012.12.02"]
[Round "4"]
[White "Pejic, Igor"]
[Black "Tomulic, Teo"]
[Result "1-0"]
[WhiteElo "2008"]
[BlackElo "1672"]
[PlyCount "53"]
[EventDate "2012.11.30"]
[EventType "swiss"]
[EventRounds "9"]
[EventCountry "CRO"]
[SourceTitle "CBM 151 Extra"]
[Source "ChessBase"]
[SourceDate "2012.12.18"]
[SourceVersion "1"]
[SourceVersionDate "2012.12.18"]
[SourceQuality "1"]

1. Nf3 Nf6 2. d4 d5 3. e3 e6 4. Bd3 c5 5. c3 Nc6 6. 0-0 Bd6 7. Nbd2 0-0 8. dxc5 Bxc5 9. b4 Bd6 10. Bb2 e5 11. e4 d4 12. b5 dxc3 13. Bxc3 Bb4 14. Qc2 Nd4 15. Bxd4 exd4 16. e5 Ng4 17. Bxh7+ Kh8 18. Be4 Rb8 19. h3 Nh6 20. Nb3 Bc3 21. Rad1 Qe7 22. Nbxd4 Bxd4 23. Rxd4 Bd7 24. Qc7 Rfd8 25. Rfd1 Rbc8 26. Qxb7 Rb8 27. Qxa7 1-0

[Event "CRO-ch U17"]
[Site "Topusko"]
[Date "2012.07.26"]
[Round "6"]
[White "Glavan, Marko"]
[Black "Pejic, Igor"]
[Result "1-0"]
[WhiteElo "1940"]
[BlackElo "2014"]
[PlyCount "99"]
[EventDate "2012.??.??"]
[EventType "swiss"]
[EventRounds "9"]
[EventCountry "CRO"]
[SourceTitle "EXT 2013"]
[Source "ChessBase"]
[SourceDate "2012.11.22"]
[SourceVersion "1"]
[SourceVersionDate "2012.11.22"]
[SourceQuality "1"]

1. e4 c6 2. Nc3 d5 3. Nf3 Bg4 4. h3 Bxf3 5. Qxf3 e6 6. d3 Nd7 7. a3 Ngf6 8. g4 g6 9. Bg2 Bg7 10. 0-0 Qb6 11. Qg3 h5 12. g5 h4 13. Qd6 Nh5 14. Na4 Qd4 15. Qb4 b5 16. Nc3 Qxb4 17. axb4 Nb6 18. Ne2 Kd7 19. f4 Bf8 20. c3 f5 21. Be3 Bd6 22. e5 Bc7 23. b3 Nc8 24. Ra6 Ng3 25. Nxg3 hxg3 26. Rfa1 Bb8 27. Kf1 Rh7 28. Ke2 Kc7 29. Kf3 Kb7 30. Kxg3 Bc7 31. h4 Bb6 32. Bxb6 Nxb6 33. R6a2 Nc8 34. Bf3 Ne7 35. Rh1 Rah8 36. Rah2 Rh5 37. Bxh5 Rxh5 38. Ra2 Nc8 39. Kf3 Kb6 40. Ke3 Ne7 41. Rha1 Nc8 42. Rh2 Ne7 43. Kd4 Nc8 44. Ra3 Ne7 45. Rha2 Nc8 46. Ra6+ Kb7 47. Kc5 Rxh4 48. Rxc6 Rxf4 49. Rxe6 Rf3 50. Rd2 1-0

[Event "CRO-chT U20 21st"]
[Site "Topusko"]
[Date "2012.04.04"]
[Round "8.24"]
[White "Pejic, Igor"]
[Black "Ivekovic, Ana"]
[Result "1/2-1/2"]
[WhiteElo "2007"]
[BlackElo "1991"]
[PlyCount "56"]
[EventDate "2012.04.01"]
[EventType "team-tourn"]
[EventRounds "11"]
[EventCountry "CRO"]
[SourceTitle "EXT 2013"]
[Source "ChessBase"]
[SourceDate "2012.11.22"]
[SourceVersion "1"]
[SourceVersionDate "2012.11.22"]
[SourceQuality "1"]

1. d4 Nf6 2. Nf3 e6 3. e3 b6 4. Bd3 Bb7 5. Nbd2 d5 6. Ne5 g6 7. b3 Nfd7 8. 0-0 Bg7 9. f4 0-0 10. Ba3 c5 11. Rc1 f5 12. c4 Nxe5 13. fxe5 Re8 14. Nf3 Bh6 15. Qe2 cxd4 16. Nxd4 Nd7 17. Bd6 Nc5 18. cxd5 Nxd3 19. Qxd3 Bxd5 20. Nf3 Rc8 21. Rxc8 Qxc8 22. Qd2 Qb7 23. Rc1 Bxf3 24. gxf3 Qxf3 25. Rc3 Qe4 26. Qd3 Qg4+ 27. Kf2 Qh4+ 28. Kg1 Qg4+ 1/2-1/2

[Event "CRO-chT U16"]
[Site "Topusko"]
[Date "2011.12.28"]
[Round "3"]
[White "Pejic, Igor"]
[Black "Muha, Miljenko"]
[Result "1-0"]
[WhiteElo "2004"]
[BlackElo "1849"]
[PlyCount "55"]
[EventDate "2011.12.27"]
[EventType "team-tourn"]
[EventRounds "7"]
[EventCountry "CRO"]
[SourceTitle "CBM 146 Extra"]
[Source "ChessBase"]
[SourceDate "2012.02.29"]
[SourceVersion "1"]
[SourceVersionDate "2012.02.29"]
[SourceQuality "1"]

1. d4 d5 2. Nf3 Nf6 3. e3 e6 4. Bd3 c5 5. c3 Nc6 6. 0-0 Bd6 7. Nbd2 0-0 8. dxc5 Bxc5 9. b4 Bd6 10. Bb2 Re8 11. a3 a6 12. c4 a5 13. c5 Bb8 14. b5 Na7 15. a4 e5 16. e4 Bg4 17. Qc2 Re6 18. exd5 Qxd5 19. Ng5 Re8 20. Bc4 Qd8 21. Nxf7 Qc7 22. b6 Qxc5 23. bxa7 Rxa7 24. Nxe5+ Kf8 25. Nxg4 Nxg4 26. Ba3 Bxh2+ 27. Kh1 Qxa3 28. Rxa3 1-0

[Event "CRO-chT U16"]
[Site "Topusko"]
[Date "2011.12.27"]
[Round "1"]
[White "Vucic, Mihovil"]
[Black "Pejic, Igor"]
[Result "0-1"]
[WhiteElo "1928"]
[BlackElo "2004"]
[PlyCount "54"]
[EventDate "2011.12.27"]
[EventType "team-tourn"]
[EventRounds "7"]
[EventCountry "CRO"]
[SourceTitle "CBM 146 Extra"]
[Source "ChessBase"]
[SourceDate "2012.02.29"]
[SourceVersion "1"]
[SourceVersionDate "2012.02.29"]
[SourceQuality "1"]

1. e4 c6 2. d4 d5 3. exd5 cxd5 4. Nf3 Nc6 5. c3 Qc7 6. Bd3 Bg4 7. 0-0 e6 8. Re1 Bd6 9. Nbd2 Bxh2+ 10. Kh1 Bd6 11. Qa4 Nge7 12. Ne5 Bxe5 13. dxe5 Bf5 14. Bxf5 Nxf5 15. Nf3 0-0 16. Bg5 Qb6 17. Qc2 Rac8 18. g4 Nfe7 19. Bxe7 Nxe7 20. Kg2 Rc4 21. Kh3 Ng6 22. Kg3 f5 23. g5 Rg4+ 24. Kh3 Nf4+ 25. Kh2 Rg2+ 26. Kh1 Rxf2 27. Nd2 Rh2+ 0-1

[Event "CRO-chT3 West"]
[Site "Croatia"]
[Date "2011.11.06"]
[Round "8.13"]
[White "Pejic, Igor"]
[Black "Mrkaljevic, Jakub"]
[Result "1-0"]
[WhiteElo "1988"]
[BlackElo "1979"]
[PlyCount "121"]
[EventDate "2011.03.12"]
[EventType "team-tourn"]
[EventRounds "9"]
[EventCountry "CRO"]
[SourceTitle "EXT 2014"]
[Source "ChessBase"]
[SourceDate "2013.11.20"]
[SourceVersion "1"]
[SourceVersionDate "2013.11.20"]
[SourceQuality "1"]

1. d4 d5 2. Nf3 Nf6 3. Bf4 e6 4. e3 Bd6 5. Bg3 Ne4 6. Nbd2 f5 7. Bxd6 Qxd6 8. Bd3 Nd7 9. Qe2 c5 10. c4 Nb6 11. dxc5 Qxc5 12. cxd5 exd5 13. 0-0 0-0 14. Nd4 Bd7 15. Rac1 Qd6 16. N2f3 a6 17. Qc2 Rac8 18. Qb1 g6 19. a3 Nc4 20. Bxc4 dxc4 21. Rfd1 Qb8 22. b3 c3 23. Ne2 Be6 24. Nfd4 Qe5 25. Rd3 c2 26. Rxc2 Rxc2 27. Qxc2 Rc8 28. Qd1 Bf7 29. Nf3 Qf6 30. Nfd4 Qh4 31. g3 Qf6 32. f3 Ng5 33. h4 Ne6 34. Nxe6 Qxe6 35. Rd8+ Rxd8 36. Qxd8+ Qe8 37. Qxe8+ Bxe8 38. Kf2 Kf7 39. e4 fxe4 40. fxe4 Ke6 41. Ke3 Ke5 42. Nf4 h6 43. Nd3+ Kd6 44. Kd4 g5 45. e5+ Ke7 46. hxg5 hxg5 47. Nc5 Bc6 48. Ne4 g4 49. Ke3 Ke6 50. Kf4 Kd5 51. Nf6+ Kd4 52. e6 Kc3 53. e7 Kxb3 54. Ke5 Kxa3 55. Kd6 a5 56. Nd7 Bxd7 57. Kxd7 b5 58. Kc6 b4 59. e8Q b3 60. Qe1 b2 61. Qxa5+ 1-0

[Event "Rijeka Paris Memorial op"]
[Site "Rijeka"]
[Date "2011.10.25"]
[Round "7"]
[White "Jerkovic, Maroje"]
[Black "Pejic, Igor"]
[Result "1/2-1/2"]
[WhiteElo "1834"]
[BlackElo "2036"]
[PlyCount "136"]
[EventDate "2011.10.17"]
[EventType "swiss"]
[EventRounds "9"]
[EventCountry "CRO"]
[SourceTitle "EXT 2013"]
[Source "ChessBase"]
[SourceDate "2012.11.22"]
[SourceVersion "1"]
[SourceVersionDate "2012.11.22"]
[SourceQuality "1"]

1. f4 d5 2. e3 Nf6 3. d4 Bf5 4. Nf3 e6 5. Be2 c5 6. c3 Nc6 7. 0-0 Be7 8. Ne5 0-0 9. g4 Bxb1 10. Rxb1 Ne4 11. Bd3 f6 12. Nf3 c4 13. Bxe4 dxe4 14. Nd2 Qd5 15. Qa4 b5 16. Qd1 f5 17. b3 cxb3 18. Qxb3 Qxb3 19. axb3 a6 20. gxf5 exf5 21. d5 Na5 22. Ra1 Nb7 23. c4 Bb4 24. Ra2 Rfc8 25. Rd1 Nc5 26. Ba3 Bxd2 27. Bxc5 bxc4 28. bxc4 Rxc5 29. Rdxd2 Rxc4 30. Ra5 g6 31. Rda2 Rd8 32. Rxa6 Rxd5 33. Ra8+ Kg7 34. R2a7+ Kh6 35. Rh8 Kh5 36. Kg2 g5 37. Rhxh7+ Kg6 38. Rag7+ Kf6 39. fxg5+ Ke5 40. Re7+ Kd6 41. Rd7+ Kc6 42. Rc7+ Kb5 43. Rxc4 Kxc4 44. Kg3 Rd2 45. g6 Rd6 46. Rh6 Rd1 47. Kf4 Rf1+ 48. Ke5 Kd3 49. Rh3 Rf3 50. Rg3 f4 51. exf4 Rxg3 52. hxg3 e3 53. g7 e2 54. g8Q e1Q+ 55. Kf5 Qe4+ 56. Kg4 Qe2+ 57. Kg5 Qe7+ 58. Kf5 Qd7+ 59. Qe6 Qh7+ 60. Qg6 Qh3+ 61. Kf6+ Kd4 62. f5 Qh8+ 63. Qg7 Qd8+ 64. Kg6+ Ke4 65. f6 Qb6 66. Qe7+ Kf3 67. Qa3+ Kg4 68. Qa4+ Kxg3 1/2-1/2

[Event "Rijeka Paris Memorial op"]
[Site "Rijeka"]
[Date "2011.10.22"]
[Round "5"]
[White "Milosevic, Bozidar"]
[Black "Pejic, Igor"]
[Result "0-1"]
[WhiteElo "1757"]
[BlackElo "2036"]
[PlyCount "47"]
[EventDate "2011.10.17"]
[EventType "swiss"]
[EventRounds "9"]
[EventCountry "CRO"]
[SourceTitle "EXT 2013"]
[Source "ChessBase"]
[SourceDate "2012.11.22"]
[SourceVersion "1"]
[SourceVersionDate "2012.11.22"]
[SourceQuality "1"]

1. e4 c6 2. Nc3 d5 3. exd5 cxd5 4. d4 Nc6 5. Bb5 Nf6 6. Nge2 Bf5 7. 0-0 e6 8. f3 Bd6 9. g4 Bg6 10. Bg5 Qc7 11. Rf2 h5 12. Bxf6 gxf6 13. Qe1 0-0-0 14. Qf1 hxg4 15. f4 Qb6 16. Rd1 Bxc2 17. Rc1 Be4 18. Ng3 Bb8 19. Na4 Qxd4 20. Rd1 Qe3 21. Re1 Qxg3+ 22. Rg2 Qxg2+ 23. Qxg2 Bxg2 24. Kxg2 0-1

[Event "Kastav op 13th"]
[Site "Kastav"]
[Date "2011.09.11"]
[Round "7"]
[White "Monjac, Mislav"]
[Black "Pejic, Igor"]
[Result "1/2-1/2"]
[WhiteElo "2024"]
[BlackElo "2036"]
[PlyCount "98"]
[EventDate "2011.09.03"]
[EventType "swiss"]
[EventRounds "8"]
[EventCountry "CRO"]
[SourceTitle "EXT 2012"]
[Source "ChessBase"]
[SourceDate "2011.11.24"]
[SourceVersion "1"]
[SourceVersionDate "2011.11.24"]
[SourceQuality "1"]

1. e4 c6 2. d4 d5 3. exd5 cxd5 4. c4 Nf6 5. Nc3 Nc6 6. Nf3 Bg4 7. cxd5 Nxd5 8. Qb3 Bxf3 9. gxf3 e6 10. Qxb7 Nxd4 11. Bb5+ Nxb5 12. Qc6+ Ke7 13. Qxb5 Nxc3 14. Qc5+ Qd6 15. Qxc3 Qa6 16. Bd2 Rc8 17. Qa5 Qxa5 18. Bxa5 Kd7 19. Bc3 f6 20. Rd1+ Bd6 21. Rg1 Rhg8 22. Bb4 Rc6 23. Rg4 Kc7 24. Bxd6+ Rxd6 25. Rc4+ Rc6 26. Rcd4 Rc2 27. Rd7+ Kb8 28. R1d2 Rc7 29. R2d6 Re8 30. Kd2 Kc8 31. Rxc7+ Kxc7 32. Ra6 Kb7 33. Rd6 Kc7 34. Ra6 Kb7 35. Rd6 Re7 36. f4 h6 37. h4 Kc8 38. Kd3 e5 39. f5 Rb7 40. b3 Rb4 41. Rc6+ Kd8 42. Rc4 Rb7 43. h5 Kd7 44. Ke4 Kd6 45. f3 a5 46. Kd3 Rb5 47. Kc3 Kd5 48. Rg4 Rc5+ 49. Kd2 Rc7 1/2-1/2

[Event "Split op 1st"]
[Site "Split"]
[Date "2011.08.13"]
[Round "9"]
[White "Pejic, Igor"]
[Black "Mazet, Julien"]
[Result "1-0"]
[WhiteElo "2040"]
[BlackElo "2147"]
[PlyCount "39"]
[EventDate "2011.08.05"]
[EventType "swiss"]
[EventRounds "9"]
[EventCountry "CRO"]
[SourceTitle "CBM 143 Extra"]
[Source "ChessBase"]
[SourceDate "2011.08.29"]
[SourceVersion "1"]
[SourceVersionDate "2011.08.29"]
[SourceQuality "1"]

1. d4 Nf6 2. Nf3 g6 3. Nc3 d5 4. Bf4 Bg7 5. e3 0-0 6. Be2 Bg4 7. Ne5 Bxe2 8. Qxe2 c6 9. h4 Nbd7 10. g4 Nxe5 11. Bxe5 Nd7 12. Bxg7 Kxg7 13. f4 b5 14. h5 b4 15. Na4 Qa5 16. b3 c5 17. g5 Rac8 18. hxg6 hxg6 19. 0-0-0 c4 20. Rh7+ 1-0

[Event "Split op 1st"]
[Site "Split"]
[Date "2011.08.10"]
[Round "6"]
[White "Dulic, Grgur"]
[Black "Pejic, Igor"]
[Result "1/2-1/2"]
[WhiteElo "2251"]
[BlackElo "2040"]
[PlyCount "111"]
[EventDate "2011.08.05"]
[EventType "swiss"]
[EventRounds "9"]
[EventCountry "CRO"]
[SourceTitle "CBM 143 Extra"]
[Source "ChessBase"]
[SourceDate "2011.08.29"]
[SourceVersion "1"]
[SourceVersionDate "2011.08.29"]
[SourceQuality "1"]

1. e4 c6 2. Nc3 d5 3. Nf3 Bg4 4. h3 Bxf3 5. Qxf3 e6 6. d3 Nf6 7. Bd2 Nbd7 8. g4 Bb4 9. a3 Ba5 10. 0-0-0 d4 11. Ne2 Bxd2+ 12. Rxd2 c5 13. g5 Ng8 14. h4 Ne7 15. Qg3 Qa5 16. f4 b5 17. f5 b4 18. fxe6 fxe6 19. Kd1 bxa3 20. bxa3 Rb8 21. Nf4 0-0 22. Ke2 Rb1 23. Bg2 Rxh1 24. Bxh1 Qc7 25. Nh5 Qxg3 26. Nxg3 Rf4 27. h5 Rg4 28. Kf2 Rxg5 29. Rd1 g6 30. Rb1 Nb6 31. hxg6 Nxg6 32. Bf3 Ne5 33. Be2 Kg7 34. a4 Nc6 35. Rb5 Nxa4 36. Rb7+ Kg6 37. Rc7 Nb4 38. Rxa7 Nc3 39. Bf3 Nxc2 40. Re7 Ne1 41. Kxe1 Rxg3 42. Kf2 Rg5 43. Rxe6+ Kf7 44. Rc6 Na2 45. Rc7+ Ke6 46. Rxh7 Nb4 47. Be2 Nc2 48. Kf3 Nb4 49. Kf4 Rg2 50. Bg4+ Rxg4+ 51. Kxg4 Nxd3 52. Kf3 Ne5+ 53. Kf4 Nd3+ 54. Kf3 Ne5+ 55. Kf4 Nd3+ 56. Kf3 1/2-1/2